Manchester City 1 - 0 Inter (UCL 2023) - Statistiques

Statistiques générales
  • Ce quiz a été pris 92 fois
    73 depuis la dernière actualisation
  • Le résultat moyen est 24 sur 31
Statistiques - réponses
Poste Pays Joueur % Correct
Avant-centre Erling Haaland
100%
Milieu offensif Kevin De Bruyne
100%
Gardien du but Ederson
98%
Coach Pep Guardiola
98%
Défenseur central Rúben Dias
98%
Ailier droit Bernardo Silva
97%
Gardien de but André Onana
95%
Milieu offensif remplaçant (36') Phil Foden
95%
Milieu gauche Rodri
95%
Ailier gauche Jack Grealish
94%
Défenseur central Manuel Akanji
92%
Milieu offensif İlkay Gündoğan
91%
Défenseur central Nathan Aké
88%
Latéral droit remplaçant (82') Kyle Walker
86%
Avant-centre Lautaro Martínez
86%
Avant-centre remplaçant (57') Romelu Lukaku
85%
Latéral droit Denzel Dumfries
83%
Avant-centre Edin Džeko
83%
Milieu droit Nicolò Barella
83%
Latéral gauche Federico Dimarco
77%
Défenseur central gauche Alessandro Bastoni
74%
Milieu droit John Stones
74%
Milieu gauche Hakan Çalhanoğlu
69%
Milieu gauche remplaçant (84') Henrikh Mkhitaryan
63%
Coach Simone Inzaghi
63%
Milieu central Marcelo Brozović
60%
Défenseur central Francesco Acerbi
57%
Défenseur central droit Matteo Darmian
38%
Défenseur central gauche remplaçant (76') Robin Gosens
29%
Défenseur central droit remplaçant (84') Danilo D'Ambrosio
17%
Latéral droit remplaçant (76') Raoul Bellanova
6%
Aucun quiz correspondant
Distribution des résultats
% des personnes avec chaque résultat
Percentile par nombre de réponses
Votre historique - résultats
Vous n’avez pas pris ce quiz depuis la dernière actualisation